000 00823cam a22002174a 4500
005 20250605164325.0
008 250528s ||||||||||||||||||||||||d
035 _a22985
020 _a9780023540417
040 _aGR-AtMCL
_bgre
_dGR-AtMCL
_eAACR2
245 1 _aSTRUCTURAL ANALYSIS
250 _a3
260 _bPrentice Hall,
_c1995
300 _a729
505 0 _aTYPES OF STRUCTURES AND LOANS ANALYSIS OF STATICALLY DETERMINATE STRUCTURES ANALYSIS OF STATICALLY DETERMINATE TRUSSES INTERNAL LOADINGS DEVELOPED IN STRUCTURAL MEMBERS
520 _aTYPES OF STRUCTURES AND LOANS ANALYSIS OF STATICALLY DETERMINATE STRUCTURES ANALYSIS OF STATICALLY DETERMINATE TRUSSES INTERNAL LOADINGS DEVELOPED IN STRUCTURAL MEMBERS
700 1 _aHibbeler Russell C
_98581
942 _cBK
999 _c8026
_d8026